50 world's greatest short stories / (Record no. 1576)

MARC details
000 -LEADER
fixed length control field 02206nam a22005057a 4500
001 - CONTROL NUMBER
control field 1576
003 - CONTROL NUMBER IDENTIFIER
control field FISKH
005 - DATE AND TIME OF LATEST TRANSACTION
control field 20230907124418.0
008 - FIXED-LENGTH DATA ELEMENTS--GENERAL INFORMATION
fixed length control field 230907b cb ||||| |||| 00| 0 eng d
020 ## - INTERNATIONAL STANDARD BOOK NUMBER
International Standard Book Number 9789386538277
040 ## - CATALOGING SOURCE
Original cataloging agency FISKH
Language of cataloging eng
Transcribing agency FISKH
Modifying agency FISKH
050 ## - LIBRARY OF CONGRESS CALL NUMBER
Classification number PN6010-6790
082 ## - DEWEY DECIMAL CLASSIFICATION NUMBER
Classification number 808.83
100 ## - MAIN ENTRY--PERSONAL NAME
Personal name Pushkin, Alexander
Dates associated with a name 1739-1837.
Fuller form of name Alexander Sergeyevich Pushkin
245 ## - TITLE STATEMENT
Title 50 world's greatest short stories /
260 ## - PUBLICATION, DISTRIBUTION, ETC.
Place of publication, distribution, etc. New Delhi :
Name of publisher, distributor, etc. Prakash Books,
Date of publication, distribution, etc. 2022
300 ## - PHYSICAL DESCRIPTION
Extent 607 pages :
Dimensions 20 cm
490 ## - SERIES STATEMENT
Materials specified Fingerprint! Classics
520 ## - SUMMARY, ETC.
Summary, etc. Discover the best of short fiction in this collectable edition featuring fifty of the greatest stories from around the world. This exquisite collection showcases a curated selection of timeless short stories from renowned authors across the globe. With its beautiful design and captivating narratives, this collectible edition is a treasure for literature enthusiasts.
700 ## - ADDED ENTRY--PERSONAL NAME
Personal name Bierce, Ambrose
Dates associated with a name 1842-[1914].
700 ## - ADDED ENTRY--PERSONAL NAME
Personal name Chekhov, Anton
Dates associated with a name 1860-1904.
700 ## - ADDED ENTRY--PERSONAL NAME
Personal name Dickens, Charles
Dates associated with a name 1812-1870.
700 ## - ADDED ENTRY--PERSONAL NAME
Personal name Poe, Edgar Allen
Dates associated with a name 1809-1849.
700 ## - ADDED ENTRY--PERSONAL NAME
Personal name Fitzgerald, Scott
Dates associated with a name 1896-1940.
Fuller form of name Francis Scott Key Fitzgerald
700 ## - ADDED ENTRY--PERSONAL NAME
Personal name Stockton, Frank
Dates associated with a name 1832-1902.
700 ## - ADDED ENTRY--PERSONAL NAME
Personal name Dostoevsky, Fyodor
Dates associated with a name 1821-1881.
700 ## - ADDED ENTRY--PERSONAL NAME
Personal name Maupassants, Guy de
Dates associated with a name 1850-1893.
700 ## - ADDED ENTRY--PERSONAL NAME
Personal name Wells, H.G.
Dates associated with a name 1866-1946.
Fuller form of name Herbert George Wells
700 ## - ADDED ENTRY--PERSONAL NAME
Personal name Munro, H. H.
Titles and other words associated with a name Saki
Dates associated with a name 1870-1916.
Fuller form of name Hector Hugh Munro
700 ## - ADDED ENTRY--PERSONAL NAME
Personal name London, Jack
Dates associated with a name 1876-1916.
Fuller form of name John Griffith Chaney
700 ## - ADDED ENTRY--PERSONAL NAME
Personal name Joyce, James
Dates associated with a name 1882-1941.
Fuller form of name James Augustine Aloysius Joyce
700 ## - ADDED ENTRY--PERSONAL NAME
Personal name Chopin, Kate
Dates associated with a name 1850-1904.
700 ## - ADDED ENTRY--PERSONAL NAME
Personal name Mansfeld, Katherine
Dates associated with a name 1888-1923.
700 ## - ADDED ENTRY--PERSONAL NAME
Personal name Tolstoy, Leo
Dates associated with a name 1828-1910.
700 ## - ADDED ENTRY--PERSONAL NAME
Personal name Twain, Mark
Dates associated with a name 1835-1910.
700 ## - ADDED ENTRY--PERSONAL NAME
Personal name Kenry, O.
Fuller form of name William Sydney Porter
700 ## - ADDED ENTRY--PERSONAL NAME
Personal name Wilde, Oscar
Dates associated with a name 1854-1900.
Fuller form of name O'Fflahertie Wills Wilde
700 ## - ADDED ENTRY--PERSONAL NAME
Personal name Tagore, Rabindranath
Dates associated with a name 1861-1941.
700 ## - ADDED ENTRY--PERSONAL NAME
Personal name Kipling, Rudyard
Dates associated with a name 1865-1936.
Fuller form of name Joseph Rudyard Kipling
700 ## - ADDED ENTRY--PERSONAL NAME
Personal name Doyle, Arthur Conan
Titles and other words associated with a name Sir
Dates associated with a name 1859-1930
700 ## - ADDED ENTRY--PERSONAL NAME
Personal name Leacock, Stephen
Dates associated with a name 1869-1944
700 ## - ADDED ENTRY--PERSONAL NAME
Personal name Hardy, Thomas
Dates associated with a name 1840-1928.
700 ## - ADDED ENTRY--PERSONAL NAME
Personal name Maugham, Somerset W.
Dates associated with a name 1874-1965.
942 ## - ADDED ENTRY ELEMENTS (KOHA)
Source of classification or shelving scheme Dewey Decimal Classification
Koha item type Books
Suppress in OPAC No
Holdings
Withdrawn status Lost status Source of classification or shelving scheme Damaged status Not for loan Collection Home library Current library Shelving location Date acquired Total Checkouts Full call number Barcode Date last seen Date last checked out Price effective from Koha item type
    Dewey Decimal Classification     Fiction Footprints International School Library Network Toul Kork Campus Footprints International School Library Network Toul Kork Campus A TK Campus, 4th Floor, Room B401, Fiction Bookcases (1-6) 09/07/2023 2 PUS 808.82 PN6010-6790 2023-0526 10/31/2025 10/31/2025 09/07/2023 Books